LEADER 01170nam a2200301 u 4500 001 000000068006 003 CaOOAMICUS 005 20070226121742.0 008 020227s1999 it u000 u ita u 020 $a8837217269 035 $a10922020 040 $aPUL(R)$bita 100 1 $aZucal, Silvano.$0(OLS)http://pul/name/15105 245 10$aFerdinando Ebner :$bla "nostalgia" della parola /$cSilvano Zucal. 260 $aBrescia :$bMorcelliana,$c1999. 300 $a355 p. ;$c23 cm 490 1 $aMaestri del pensiero ;$v13 500 $aContiene indice. 504 $aBibliografia in nota. 600 14$aEbner, Ferdinand,$d1882-1931.$0(OLS)http://pul/subject/23398 830 0$aMaestri del pensiero ;$v13.$0(OLS)http://pul/title/2736 850 $aPUL 852 $aPUL$W1$xSL Filosofia 1$y2$m96 F 86$j88016$nBK-PRI$b $qStampati$B88016$CPULBib$Z2$F88016 $H $81 941 1 $a8 961 $aINV: 80280 996 $6020$a8837217269$9(OLS)http://pul/number/88133 996 $6245$aFerdinando Ebner :$bla "nostalgia" della parola$9(OLS)http://pul/title/90054 996 $6260$aBrescia :$bMorcelliana$9(OLS)http://pul/publisher/47854 LEADER 01212nam a2200289 u 4500 001 000000075589 003 CaOOAMICUS 005 20070226123122.0 008 031009s2003 enk u000 u eng u 020 $a0521635632 035 $a10972417 040 $aPUL$bita 245 04$aThe Cambridge companion to Duns Scotus /$cedited by Thomas Williams. 260 $aCambridge :$bUniversity Press,$c2003. 300 $axvi, 408 p. ;$c23 cm 490 1 $aThe Cambridge companion 500 $aInclude indici. 504 $aBibliografia p. 377-394. 600 14$aDuns Scotus, Iohannes,$cb.,$d1266-1308$xCritica e interpretazione.$0(OLS)http://pul/subject/4851 700 1 $aWilliams, Thomas.$0(OLS)http://pul/name/50251 830 4$aThe Cambridge companion.$0(OLS)http://pul/title/60427 850 $aPUL 852 $aPUL$W1$xSL Filosofia 2$y80$mPhil A8 27$j97235$nBK-PRI$b $qStampati altre collocazioni$B97235$CPULBib$Z2$F97235 $H92966 $81 941 1 $a10 996 $6020$a0521635632$9(OLS)http://pul/number/98700 996 $6245$aThe Cambridge companion to Duns Scotus$9(OLS)http://pul/title/99216 996 $6260$aCambridge :$bUniversity Press$9(OLS)http://pul/publisher/49564